Guess the Rapper Based on Their Top Hit - Statistics

General Stats
  • This quiz has been taken 389 times
  • The average score is 32 of 50
Answer Stats
Song Rapper % Correct
God's Plan Drake
96%
Lucid Dreams Juice WRLD
91%
Gold Digger Kanye West
89%
In da Club 50 Cent
87%
Lose Yourself Eminem
86%
Old Town Road Lil Nas X
86%
SAD! XXXTENTACION
86%
Ransom Lil Tecca
80%
XO Tour Llif3 Lil Uzi Vert
80%
Drip Too Hard Lil Baby
79%
The Box Roddy Ricch
79%
Drop It Like It's Hot Snoop Dogg
79%
rockstar Post Malone
78%
No Role Modelz J. Cole
77%
pushin P Gunna
75%
a lot 21 Savage
73%
Love Sosa Chief Keef
73%
EARFQUAKE Tyler, the Creator
72%
Alright Kendrick Lamar
71%
Shotta Flow NLE Choppa
71%
Super Bass Nicki Minaj
69%
The Next Episode Dr. Dre
68%
Antidote Travis Scott
68%
Praise the Lord (Da Shine) A$AP Rocky
66%
This is America Childish Gambino
66%
Life is Good Future
65%
For the Night Pop Smoke
65%
Magnolia Playboi Carti
64%
Calling My Phone Lil Tjay
62%
Drowning A Boogie wit da Hoodie
61%
Pop Out Polo G
61%
family ties Baby Keem
60%
Hard Knock Life Jay-Z
57%
DOOMsday MF Doom
56%
After Party Don Toliver
55%
N.Y. State of Mind Nas
55%
Pursuit of Happiness Kid Cudi
53%
Faucet Failure Ski Mask the Slump God
48%
Hot Young Thug
48%
3 Headed Goat Lil Durk
46%
Money so big Yeat
46%
Make No Sense YoungBoy Never Broke Again
46%
Ultimate Denzel Curry
42%
So Many Tears Tupac Shakur
42%
No Flockin Kodak Black
40%
Self Care Mac Miller
37%
Dreams and Nightmares Meek Mill
32%
Off Deez JID
28%
Survival Tactics Joey Bada$$
28%
Big Drip Fivio Foreign
24%
No matching quizzes found
Score Distribution
Percent of People with Each Score
Percentile by Number Answered
Your Score History
You have not taken this quiz